Microsoft Windows 8 administration : (Record no. 81306)

MARC details
000 -LEADER
fixed length control field 01842nam a22002537a 4500
005 - DATE AND TIME OF LATEST TRANSACTION
control field 20131219123532.0
010 ## - LCCN (DPL NO)
LC control number ENG-108917
020 ## - INTERNATIONAL STANDARD BOOK NUMBER
International Standard Book Number 9788120347601
Terms of availability 550.00
035 ## - SYSTEM CONTROL NUMBER
System control number EN-92450
037 ## - SOURCE OF ACQUISITION
Source of stock number/acquisition DBAD/PUB
082 ## - DEWEY DECIMAL CLASSIFICATION NUMBER
Classification number 005.446
Edition number 23
100 ## - MAIN ENTRY--PERSONAL NAME
Personal name Stanek, William R.
245 ## - TITLE STATEMENT
Title Microsoft Windows 8 administration :
Statement of responsibility, etc by William R. Stanek
Remainder of title pocket consultant /
246 ## - VARYING FORM OF TITLE
Title proper/short title Windows 8 administration
246 ## - VARYING FORM OF TITLE
Title proper/short title Windows eight administration
260 ## - PUBLICATION, DISTRIBUTION, ETC. (IMPRINT)
Place of publication, distribution, etc New Delhi
Name of publisher, distributor, etc PHI Learning
Date of publication, distribution, etc 2014
270 ## - ADDRESS
Address Rimjhim House,111, Patparganj Industrial Estate,
City New Delhi
Postal code 110092
300 ## - PHYSICAL DESCRIPTION
Extent xxii, 649 p. :
Dimensions 22 cm(pbk)
Other physical details ill.
500 ## - GENERAL NOTE
General note Includes index
505 ## - FORMATTED CONTENTS NOTE
Formatted contents note Introduction to Windows 8 administration -- |t Configuring Windows 8 computers -- |t Customizing the desktop and the user interface -- |t Managing firmware, boot configuration, and startup -- |t Configuring user and computer policies -- |t Automating Windows 8 configuration -- |t Managing user access and security -- |t Installing and maintaining applications -- |t Managing hardware devices and drivers -- |t Handling maintenance and support tasks -- |t Using TPM and BitLocker drive encryption -- |t Managing disk drives and file systems -- |t Managing file security and resource sharing -- |t Maintaining data acces and availability -- |t Configuring and troubleshooting TCP/IP networking -- |t Managing mobile networking and remote access.
520 ## - SUMMARY, ETC.
Summary, etc Furnishes quick reference answers to questions about day-to-day administration of Windows 8, covering such topics as configuring user and computer policies, automating configuration, managing user access and security, installing and maintaining programs,and handling maintenance and support tasks.
650 ## - SUBJECT ADDED ENTRY--TOPICAL TERM
Topical term or geographic name as entry element Operating systems (Computers)
942 ## - ADDED ENTRY ELEMENTS (KOHA)
Source of classification or shelving scheme Dewey Decimal Classification
Item type English Books
Call number suffix STA
Classification part 005.446
Holdings
Withdrawn status Lost status Not for loan Collection code Home library Current library Date acquired Source of acquisition Cost, normal purchase price Full call number Barcode Copy number Cost, replacement price Koha item type
    Not For Loan Non-fiction D.B.Act.Division D.B.Act.Division 19/12/2013 DBAD/PUB 550.00 005.446 STA EN-92450 1 550.00 English Books

© Delhi Public Library
Hit Counter
free hit counter